| 000 | 00680nam a2200229Ia 4500 | ||
|---|---|---|---|
| 005 | 20230801152023.0 | ||
| 008 | 210716s2009 xx 000 0 und d | ||
| 020 | _a9788180522109 | ||
| 040 | _cAIMIT LIBRARY | ||
| 041 | _aeng | ||
| 082 |
_a346.07 _21 _bMOSB |
||
| 100 |
_aMoshal, B S. _9129006 |
||
| 245 |
_aModern business law / _cBy B S Moshal. |
||
| 250 | _a1st ed. | ||
| 260 |
_aNew Delhi : _bAne Books India , _c2009. |
||
| 300 |
_axx,387p. ; _bPB _c23.7 cm. |
||
| 650 |
_aBusiness Law _9129007 |
||
| 651 |
_aOffer and acceptancw _9129008 |
||
| 651 |
_aDischarge of contract _9129009 |
||
| 651 |
_aPerformance of contract _9129010 |
||
| 942 |
_2ddc _cBK _e1st _k346.07 MOSB |
||
| 999 |
_c206013 _d206013 |
||